000 01522cam a22004214i 4500
003 PE-LiUPU
005 20250731173007.0
008 150623s r 000 0 d
035 _a(Sirsi) a22211
040 _aPE-LiUPU
_bspa
_cPE-LiUPU
_erda
082 0 4 _a231.6
_bL83
_221
100 1 _aLópez Ponce, Mariano Bladimiro,
_eautor.
245 1 0 _aQué es amar a Dios por sobre todas las cosas y al projimo como a si mismo /
_cMarianao Bladimiro López Ponce.
264 1 _aLima :
_b[UPeU],
_c199?.
300 _a131 páginas :
_bilustraciones, gráficos ;
_c21 cm.
336 _atext
_2rdacontent
337 _aunmediated
_2rdamedia
338 _avolume
_2rdacarrier
504 _aIncluye bibliografía.
505 0 _aConoces a Dios. -Diálogo, fe y cnfianza. -Amor y obediencia. -Gratitud y gozo eterno. -Conclusiones y aplicaciones del amor.
526 _aSEG42
526 _aSEG41
526 _aSEG40
526 _aSEG39
526 _aP94
526 _aP87
526 _aP86
526 _aP85
526 _aP77
526 _aP76
526 _aP35
650 0 4 _aAmor
_xCristianismo.
942 _2ddc
_cBOOK
949 _a231.6 L83
_wDEWEY
_c1
_i45979
_lCCODEBUL1
_mBUL
_p00.00
_r0
_sY
_tBOOK
_u2015-06-24
_xTEOLOGIA
_PP35
_0COMPRA
_o.STAFF. Colección General
596 _a1
999 _a231.6 L83
_wDEWEY
_c22758
_i45979
_d22758
_e2019-5-26
_f2021-11-9
_g5
_lCCODEBUL1
_mBUL
_n2
_r0
_sY
_tBOOK
_u2015-6-24
_xTEOLOGIA
_PP35
_0COMPRA
_o.STAFF. Colección General
980 _81
_gALBERTO SANCHEZ Responsable de Automatización